Central Library OPAC University of Rajshahi

রাজনীতি ও মানুষ / (Record no. 60206)

MARC details
000 -LEADER
fixed length control field 00912nam a2200229 a 4500
001 - CONTROL NUMBER
control field 60206
003 - CONTROL NUMBER IDENTIFIER
rucl marc code BD-RjUL
005 - DATE AND TIME OF LATEST TRANSACTION
control field 20211209080820.0
008 - FIXED-LENGTH DATA ELEMENTS--GENERAL INFORMATION
fixed length control field 161229s1971 bg ||||| |||| 00| 0 ben d
035 ## - SYSTEM CONTROL NUMBER
System control number (BD-RjUL)60330
040 ## - CATALOGING SOURCE
Original cataloging agency BD-RjUL
Language of cataloging ben
Transcribing agency BD-RjUL
Modifying agency BD-RjUL
041 ## - LANGUAGE CODE
Language code of text/sound track or separate title ben
082 ## - DEWEY DECIMAL CLASSIFICATION NUMBER
Edition number 23
Classification number 320
Author mark and year LIR 1971
100 ## - MAIN ENTRY--PERSONAL NAME
Personal name লিপসেট, সেমোর মার্টিন
9 (RLIN) 179244
245 10 - TITLE STATEMENT
Title রাজনীতি ও মানুষ /
Statement of responsibility, etc. মূল : সেমোর মার্টিন লিপসেট, অনূবাদ : আহমদুর রহমান
260 ## - PUBLICATION, DISTRIBUTION, ETC. (IMPRINT)
Place of publication, distribution, etc. ঢাকা :
Name of publisher, distributor, etc. খোশরোজ কিতাব মহল,
Date of publication, distribution, etc. ১৯৭১
300 ## - PHYSICAL DESCRIPTION
Pagination ২৫২ পৃ. ,
Size ২১ সেমি.
650 ## - SUBJECT ADDED ENTRY--TOPICAL TERM
Topical term or geographic name as entry element রাজনীতি
9 (RLIN) 170472
Topical term or geographic name as entry element Politics
9 (RLIN) 171312
700 ## - ADDED ENTRY--PERSONAL NAME
Personal name রহমান, আহমদুর অনূবাদ :
942 ## - ADDED ENTRY ELEMENTS (KOHA)
Source of classification or shelving scheme Dewey Decimal Classification
Koha item type Books
Holdings
Lost status Source of classification or shelving scheme Damaged status Not for loan Collection code Permanent Location Current Location Shelving location Date acquired Source of acquisition Total Checkouts Full call number Date last seen Copy number Koha item type
  Dewey Decimal Classification   Not For Loan Non-fiction Central Library, University of Rajshahi Central Library, University of Rajshahi Reading Room 06/12/1971 U.S.A.,Gift   B 320 LIR 1971 29/12/2016 C-1 Books